000 00567nam a2200181Ia 4500
008 090124s9999 xx 000 0 und d
082 _b6274
_a228
100 _aगंुजीकर रामचंद्र भि.
245 _a संकलित लेख
250 _a1
260 _c1942
300 _a468
600 _aगंुजीकर रामचंद्र भि.
630 _a संकलित लेख
700 _aगंुजीकर रामचंद्र भि.
730 _a संकलित लेख
942 _cBOOK
999 _c120215
_d120215